000 00333nam a2200157Ia 4500
100 _aChattopadhyay/Santanu
650 _aEmbedded
942 _cBK
366 _f20
245 _aEmbedded system design
260 _bPrentice Hall of India
_c2010
082 _a3.3
_bCHA
300 _a186
546 _aENGLISH
_cTTL
999 _c19043
_d19043